[Event "GRE-ch U10"]
[Site "Eretria"]
[Date "2011.06.26"]
[Round "3.4"]
[White "Larentzakis Adamidis, Ioannis"]
[Black "Doudoulakakis, Athanasios"]
[Result "1-0"]
[WhiteElo "1245"]
[BlackElo "1424"]
[PlyCount "103"]
[EventDate "2011.06.25"]
[EventType "swiss"]
[EventRounds "9"]
[EventCountry "GRE"]
[SourceTitle "EXT 2024"]
[Source "ChessBase"]
[SourceDate "2023.10.10"]
[SourceVersion "1"]
[SourceVersionDate "2023.10.10"]
[SourceQuality "1"]

1. e4 e5 2. Bc4 Nf6 3. d3 Bc5 4. Nf3 Nc6 5. c3 0-0 6. 0-0 h6 7. h3 Re8 8. Re1 a6 9. Bb3 d6 10. Nbd2 b5 11. Nf1 Bb7 12. Bc2 Ne7 13. d4 exd4 14. cxd4 Bb4 15. Re2 Ng6 16. Ng3 c5 17. dxc5 dxc5 18. Qxd8 Raxd8 19. a3 Ba5 20. b3 Bc3 21. Rb1 Re7 22. Bb2 Bxb2 23. Rxb2 Rde8 24. Nd2 Ne5 25. Rb1 Rc7 26. Rd1 c4 27. f4 cxb3 28. Bxb3 Nd3 29. Rf1 Nc1 30. Re3 Nxb3 31. Rxb3 Rd7 32. Rf2 Kf8 33. e5 Nd5 34. Rd3 Red8 35. Nde4 Rc8 36. Nd6 Rc1+ 37. Kh2 Bc6 38. f5 f6 39. Nde4 fxe5 40. Nh5 Nf6 41. Rxd7 Nxe4 42. Rdd2 Nxf2 43. Rxf2 Ra1 44. Rc2 Be8 45. Rc8 Rxa3 46. f6 b4 47. fxg7+ Kf7 48. Rxe8 Kxe8 49. g8Q+ Ke7 50. Qh7+ Ke8 51. Nf6+ Kd8 52. Qd7# 1-0